Brain literacy for educators and psychologists (Record no. 1386198)

MARC details
000 -LEADER
fixed length control field 00638nam a2200229Ia 4500
005 - DATE AND TIME OF LATEST TRANSACTION
control field 20250508163936.0
008 - FIXED-LENGTH DATA ELEMENTS--GENERAL INFORMATION
fixed length control field 008 250505s9999 xx 000 0 eng d
020 ## - INTERNATIONAL STANDARD BOOK NUMBER
International Standard Book Number 0-12-092871-X
037 ## - SOURCE OF ACQUISITION
Stock number Reference
040 ## - CATALOGING SOURCE
Original cataloging agency FEDL
Language of cataloging eng
Transcribing agency FEDL
041 ## - LANGUAGE CODE
Language code of text/sound track or separate title eng
Source of code eng
084 ## - COLON CLASSIFICATION NUMBER
Classification number 150, BER
Assigning agency FEDL
100 ## - MAIN ENTRY--PERSONAL NAME
Personal name Berninger Virginia W
9 (RLIN) 776800
245 #0 - TITLE STATEMENT
Title Brain literacy for educators and psychologists
260 ## - PUBLICATION, DISTRIBUTION, ETC.
Place of publication, distribution, etc. Amsterdam, USA
Name of publisher, distributor, etc. Academic
Date of publication, distribution, etc. 2002
300 ## - PHYSICAL DESCRIPTION
Extent xxii,373p.
365 ## - TRADE PRICE
Price type code USD
Price amount 69.95
650 ## - SUBJECT ADDED ENTRY--TOPICAL TERM
Topical term or geographic name entry element Psychology
700 ## - ADDED ENTRY--PERSONAL NAME
Personal name Richards Todd L
9 (RLIN) 776801
942 ## - ADDED ENTRY ELEMENTS (KOHA)
Koha item type Reference
Classification part 150, BER
Holdings
Withdrawn status Lost status Damaged status Not for loan Home library Current library Date acquired Cost, normal purchase price Total Checkouts Full call number Barcode Date last seen Price effective from Koha item type
        Department of Education Library Department of Education Library 2025-05-08 69.95   150, BER EL0079784 2025-05-08 2025-05-08 Reference
Copyright @ Delhi University Library System